| 000 | 00463nam a2200181Ia 4500 | ||
|---|---|---|---|
| 005 | 20250423100704.0 | ||
| 008 | 250422s9999 xx 000 0 und d | ||
| 020 | _a0745609880 | ||
| 050 | _aJC 423 .P76/ | ||
| 100 | _aEdited by David Held | ||
| 245 | 0 | _aProspects for democracy: North, South, East, West | |
| 260 | _aCambridge | ||
| 260 | _bPolity Press | ||
| 260 | _c1993 | ||
| 300 | _a412 p | ||
| 650 | _a Democracy. World politics--1989- | ||
| 942 | _cBK | ||
| 999 |
_c34064 _d34064 |
||